Catálogo

Reconstrucción del tejido social : (Registro nro. 41994)

Detalles MARC
000 -LEADER
fixed length control field 01620cam a2200373 i 4500
001 - CONTROL NUMBER
control field 41994
003 - CONTROL NUMBER IDENTIFIER
control field Mx-PuUPA
005 - DATE AND TIME OF LATEST TRANSACTION
control field 20250221090703.0
008 - FIXED-LENGTH DATA ELEMENTS--GENERAL INFORMATION
fixed length control field 140415s2016 mx a gr 001 0 spa d
020 ## - INTERNATIONAL STANDARD BOOK NUMBER
International Standard Book Number 9786079459543
040 ## - CATALOGING SOURCE
Original cataloging agency Mx-PuUPA
Language of cataloging spa
Transcribing agency Mx-PuUPA
Modifying agency Mx-PuUPA
Description conventions rda
041 0# - LANGUAGE CODE
Language code of text/sound track or separate title spa
110 2# - MAIN ENTRY--CORPORATE NAME
Corporate name or jurisdiction name as entry element Centro de Investigación y Acción Social,
Relator term autor
245 10 - TITLE STATEMENT
Title Reconstrucción del tejido social :
Remainder of title una apuesta por la paz /
Statement of responsibility, etc. Centro de Investigación y Acción Social ; coordinadores, Gabriel Mendoza Zárate y Jorge Atilano González Candia ; colaboradores, Ana Lilia Zavaleta Rangel, Fernando Barajas Martínez, Genner Peniche Castro [y otros cinco]
264 #1 - PRODUCTION, PUBLICATION, DISTRIBUTION, MANUFACTURE, AND COPYRIGHT NOTICE
Place of production, publication, distribution, manufacture Ciudad de México :
Name of producer, publisher, distributor, manufacturer Centro de Investigación y Acción Social por la Paz,
Date of production, publication, distribution, manufacture, or copyright notice 2016
300 ## - PHYSICAL DESCRIPTION
Extent 244 páginas :
Other physical details ilustraciones ;
Dimensions 23 cm
336 ## - CONTENT TYPE
Fuente rdacontent
Content type term texto
Content type code txt
337 ## - MEDIA TYPE
Source rdamedia
Media type term sin medio
Media type code n
338 ## - CARRIER TYPE
Source rdacarrier
Carrier type term volumen
Carrier type code nc
650 #7 - SUBJECT ADDED ENTRY--TOPICAL TERM
Source of heading or term armarc
9 (RLIN) 13986
Topical term or geographic name entry element Conflicto social
650 #7 - SUBJECT ADDED ENTRY--TOPICAL TERM
Source of heading or term armarc
Topical term or geographic name entry element Condiciones sociales
650 #7 - SUBJECT ADDED ENTRY--TOPICAL TERM
Source of heading or term Conflicto social
Geographic subdivision México
651 4# - SUBJECT ADDED ENTRY--GEOGRAPHIC NAME
Geographic name México
General subdivision Condiciones Sociales
700 1# - ADDED ENTRY--PERSONAL NAME
Personal name González Candia, Jorge Atilano,
Relator term coordinador
700 1# - ADDED ENTRY--PERSONAL NAME
Personal name Mendoza Zárate, Gabriel,
Relator term coordinador
700 1# - ADDED ENTRY--PERSONAL NAME
Personal name Barajas Martínez, Fernando,
Relator term colaborador
700 1# - ADDED ENTRY--PERSONAL NAME
Personal name Zavaleta Rangel, Ana Lilia,
Relator term colaborador
700 1# - ADDED ENTRY--PERSONAL NAME
Personal name Peniche Castro, Gemer,
Relator term colaborador
942 ## - ADDED ENTRY ELEMENTS (KOHA)
Source of classification or shelving scheme Dewey Decimal Classification
Koha item type Libro
Classification part 303.60972
Item part M52
Suppress in OPAC
Existencias
Withdrawn status Lost status Source of classification or shelving scheme Damaged status Not for loan Collection code Home library Current library Shelving location Date acquired Source of acquisition Cost, normal purchase price Total Checkouts Full call number Barcode Date last seen Cost, replacement price Price effective from Koha item type
    Dewey Decimal Classification     General Biblioteca Karol Wojtyla Biblioteca Karol Wojtyla Sala general 03/12/2013 Donación 0.00   303.602972 M52 2016 63303 05/01/2026 0.00 03/12/2013 Libro